[Event "FRA-ch Seniors"]
[Site "Chartres"]
[Date "2019.??.??"]
[Round "9"]
[White "Lebret, Jean Michel"]
[Black "Dziedziczak, Vincent"]
[Result "1-0"]
[WhiteElo "1991"]
[BlackElo "1850"]
[PlyCount "83"]
[EventDate "2019.08.17"]
[EventType "swiss"]
[EventRounds "9"]
[EventCountry "FRA"]
[SourceTitle "EXT 2020"]
[Source "ChessBase"]
[SourceDate "2019.10.17"]
[SourceVersion "1"]
[SourceVersionDate "2019.10.17"]
[SourceQuality "1"]

1. e4 c5 2. Nc3 d6 3. g3 Nc6 4. Bg2 Nf6 5. d3 e5 6. f4 g6 7. Nf3 Bg7 8. 0-0 0-0 9. Bd2 b5 10. Nxb5 Rb8 11. Nc3 Rxb2 12. Qc1 Rb7 13. Nh4 c4 14. h3 cxd3 15. cxd3 Rc7 16. Nb5 Ba6 17. Nxc7 Qxc7 18. Qa3 Qb6+ 19. Kh2 Qb5 20. Rac1 Nd4 21. Rc3 Bb7 22. Be3 Bxe4 23. dxe4 Nxe4 24. Bxd4 exd4 25. Rb3 Qe2 26. Rb2 Qc4 27. Qb4 Qxb4 28. Rxb4 Nc3 29. Rb2 Re8 30. Bf3 d5 31. Ng2 Ne4 32. Rd1 Rc8 33. Ne1 Nc3 34. Rc1 Re8 35. Kg2 Ne4 36. Nd3 Bf8 37. Rb7 Nd2 38. Bxd5 Re2+ 39. Nf2 Be7 40. Rcc7 Kf8 41. Rc8+ Kg7 42. Re8 1-0

[Event "Nogent le Retrou op"]
[Site "Nogent le Retrou "]
[Date "2005.03.27"]
[Round "4"]
[White "Hervo, Frederic"]
[Black "Dziedziczak, Vincent"]
[Result "1-0"]
[WhiteElo "1954"]
[BlackElo "1750"]
[PlyCount "50"]
[EventDate "2005.03.25"]
[EventType "swiss"]
[EventRounds "9"]
[EventCountry "FRA"]
[SourceTitle "EXT 2007"]
[Source "ChessBase"]
[SourceDate "2006.11.23"]
[SourceVersion "1"]
[SourceVersionDate "2006.11.23"]
[SourceQuality "1"]

1. d4 d5 2. c4 e6 3. Nc3 Nf6 4. Nf3 c6 5. Bg5 Nbd7 6. e3 Bd6 7. Rc1 Qa5 8. Nd2 Bb4 9. a3 Bxc3 10. Rxc3 Ne4 11. Nxe4 dxe4 12. Bf4 c5 13. dxc5 Qxc5 14. Be2 0-0 15. 0-0 a5 16. Bg3 e5 17. Qd5 Qxd5 18. cxd5 f6 19. Rc7 Nb6 20. Rd1 Rb8 21. Bb5 Bg4 22. Rd2 Rbc8 23. d6 Bd7 24. Bxd7 Nxd7 25. f4 exf3 1-0

[Event "Nogent le Retrou op"]
[Site "Nogent le Retrou "]
[Date "2005.03.25"]
[Round "1"]
[White "Dziedziczak, Vincent"]
[Black "Philippeau, Sylvain"]
[Result "1-0"]
[WhiteElo "1750"]
[BlackElo "1660"]
[PlyCount "83"]
[EventDate "2005.03.25"]
[EventType "swiss"]
[EventRounds "9"]
[EventCountry "FRA"]
[SourceTitle "EXT 2007"]
[Source "ChessBase"]
[SourceDate "2006.11.23"]
[SourceVersion "1"]
[SourceVersionDate "2006.11.23"]
[SourceQuality "1"]

1. e4 c5 2. f4 Nc6 3. Nf3 d6 4. Bc4 e6 5. 0-0 a6 6. c3 Nf6 7. d3 Be7 8. Bb3 Qc7 9. Qe1 0-0 10. Nbd2 b5 11. Bc2 Bb7 12. Qg3 Nh5 13. Qg4 g6 14. f5 exf5 15. exf5 Bc8 16. d4 Bf6 17. Ng5 Bxg5 18. Qxg5 f6 19. Qh4 Qg7 20. fxg6 hxg6 21. g4 Nf4 22. Rf2 g5 23. Qg3 cxd4 24. Ne4 Re8 25. Bxf4 gxf4 26. Rxf4 Rf8 27. Nxd6 Bd7 28. cxd4 Nb4 29. Bb3+ Kh8 30. d5 a5 31. Nf5 Qg5 32. Qh3+ Kg8 33. d6+ Rf7 34. Bxf7+ Kxf7 35. Qh7+ Ke6 36. Qe7+ Kd5 37. Qe4+ Kc5 38. Qd4+ Kc6 39. Ne7+ Kb7 40. Rc1 Ka6 41. Rc7 Nd5 42. Nxd5 1-0